Gaming Quiz

Random Gaming Quiz

Dark Souls 3 Spells Quiz Stats

 Plays Quiz not verified by Sporcle

Challenge
Share
Tweet
Embed
Score 0/106 Timer 15:00
0 Plays Today
Hint Answer % Correct
MiraclesHeal
96.6%
PyromancyFireball
96.6%
MiraclesGreat Heal
90.6%
SorcerySoul Arrow
89.9%
MiraclesLightning Spear
89.3%
SorcerySoul Spear
87.9%
SorceryGreat Soul Arrow
87.2%
MiraclesSunlight Spear
86.6%
SorceryCrystal Soul Spear
86.6%
PyromancyFire Orb
84.6%
SorceryHeavy Soul Arrow
82.6%
SorceryGreat Heavy Soul Arrow
82.6%
MiraclesGreat Lightning Spear
80.5%
SorceryFarron Dart
80.5%
MiraclesLightning Blade
79.2%
SorceryHoming Soulmass
79.2%
SorceryMagic Weapon
79.2%
MiraclesMed Heal
78.5%
MiraclesHeal Aid
77.2%
MiraclesSoothing Sunlight
75.8%
PyromancyChaos Bed Vestiges
75.2%
SorceryMagic Shield
75.2%
MiraclesBountiful Sunlight
73.8%
MiraclesGnaw
73.2%
SorceryGreat Magic Weapon
73.2%
MiraclesTears of Denial
72.5%
PyromancyBlack Flame
72.5%
MiraclesLightning Stake
71.8%
SorceryHoming Crystal Soulmass
71.8%
SorceryFarron Flashsword
71.8%
SorceryGreat Magic Shield
71.1%
PyromancyFirestorm
70.5%
PyromancyCarthus Flame Arc
70.5%
SorceryGreat Farron Dart
70.5%
MiraclesForce
69.8%
PyromancyGreat Chaos Fire Orb
69.8%
Hint Answer % Correct
PyromancyFire Whip
69.8%
SorcerySoul Greatsword
69.8%
MiraclesDarkmoon Blade
69.1%
PyromancyBlack Serpent
69.1%
PyromancyPoison Mist
68.5%
MiraclesWrath of the Gods
67.8%
MiraclesBlessed Weapon
67.8%
MiraclesDorhy's Gnawing
67.8%
MiraclesHomeward
67.1%
PyromancyPower Within
67.1%
PyromancyBlack Fire Orb
67.1%
SorceryHidden Body
67.1%
MiraclesDark Blade
66.4%
MiraclesDeep Protection
66.4%
PyromancyFlash Sweat
66.4%
SorceryCrystal Magic Weapon
65.8%
MiraclesLightning Storm
65.1%
PyromancyIron Flesh
65.1%
SorceryChameleon
65.1%
SorceryHidden Weapon
63.8%
PyromancyToxic Mist
63.1%
SorceryCrystal Hail
63.1%
SorceryAffinity
63.1%
PyromancyGreat Combustion
62.4%
SorceryWhite Dragon Breath
62.4%
MiraclesCaressing Tears
61.7%
MiraclesEmit Force
61.7%
MiraclesLifehunt Scythe
61.7%
SorcerySoul Stream
61.7%
PyromancyChaos Storm
61.1%
MiraclesVow of Silence
60.4%
SorceryFarron Hail
60.4%
MiraclesSacred Oath
59.7%
PyromancyProfuse Sweat
59.7%
PyromancyCarthus Beacon
59.7%
MiraclesReplenishment
59.1%
Hint Answer % Correct
MiraclesDead Again
59.1%
MiraclesDivine Pillars of Light
58.4%
MiraclesMagic Barrier
58.4%
MiraclesGreat Magic Barrier
57.7%
PyromancyFire Surge
57.7%
PyromancyBoulder Heave
57.7%
SorcerySpook
57.7%
SorceryPestilent Mercury
57.7%
SorceryDark Edge
57.7%
PyromancySacred Flame
55.7%
SorceryDeep Soul
55.7%
PyromancyRapport
55%
MiraclesLightning Arrow
54.6%
PyromancyAcid Surge
54.4%
MiraclesAtonement
53.7%
SorceryRepair
53.7%
SorceryGreat Deep Soul
53%
MiraclesBountiful Light
52.3%
PyromancyBursting Fireball
52.3%
SorceryCast Light
51.7%
PyromancyProfaned Flame
51%
MiraclesSeek Guidance
50.3%
SorceryAural Decoy
49.7%
PyromancyWarmth
49%
MiraclesWay of White Corona
48.7%
SorceryTwisted Wall of Light
45.6%
SorcerySnap Freeze
44.5%
PyromancyFlame Fan
44.3%
PyromancySeething Chaos
44.3%
SorceryOld Moonlight
43.3%
SorceryFrost Weapon
42.9%
PyromancyFloating Chaos
39.5%
MiraclesProjected Heal
36.1%
SorceryGreat Soul Dregs
35.1%

You're not logged in!

Compare scores with friends on all Sporcle quizzes.
OR
Log In

You Might Also Like...

Show Comments

Extras

Created Jun 24, 2016ReportNominate
Tags:dark, Dark Souls, soul

Top Quizzes Today


Score Distribution

Your Account Isn't Verified!

In order to create a playlist on Sporcle, you need to verify the email address you used during registration. Go to your Sporcle Settings to finish the process.

Report this User

Report this user for behavior that violates our Community Guidelines.

Details: